#N/A (Registro nro. 11613)
[ vista simple ]
| 000 -LEADER | |
|---|---|
| fixed length control field | 00488nam a2200157Ia 4500 |
| 008 - FIXED-LENGTH DATA ELEMENTS--GENERAL INFORMATION | |
| fixed length control field | 210310s9999 xx 000 0 und d |
| 020 ## - INTERNATIONAL STANDARD BOOK NUMBER | |
| International Standard Book Number | 978-958-42-5383-2 |
| 100 ## - MAIN ENTRY--PERSONAL NAME | |
| Personal name | #N/A |
| 9 (RLIN) | 18116 |
| 245 #0 - TITLE STATEMENT | |
| Title | #N/A |
| 260 ## - PUBLICATION, DISTRIBUTION, ETC. | |
| Date of publication, distribution, etc. | #N/A |
| 300 ## - PHYSICAL DESCRIPTION | |
| Other physical details | 312 Páginas ; 23 cm |
| 440 ## - SERIES STATEMENT/ADDED ENTRY--TITLE | |
| Title | Seix Barral Biblioteca Breve |
| 9 (RLIN) | 25983 |
| 500 ## - GENERAL NOTE | |
| General note | Incluye datos biográficos del autor. |
| 505 ## - FORMATTED CONTENTS NOTE | |
| Formatted contents note | 0 |
| 650 ## - SUBJECT ADDED ENTRY--TOPICAL TERM | |
| Topical term or geographic name entry element | Novela biográfica -- Siglo XX Literatura colombiana -- Siglo XX Política en la literatura |
| 9 (RLIN) | 25984 |
No hay ítems disponibles.